000 00979nam a22003257a 4500
003 CHAP
005 20220329140436.0
008 971013s1969 r 00010 d
010 _a52000
011 _a52972
035 _a57122
040 _cCHAP
082 _a526.982
_bR6
100 0 0 _aRomer, Henry S. de.
_999505
245 _aFotogeología aplicada
260 _aBuenso Aires :
_bEUDEBA,
_c1969
300 _a136 p.
_b: ilus. ; gráfs
490 _aManuales de EUDEBA/ Geología
590 _aBATCH-UPD
_b10
_c20130110
_lUCH01
_h0511
590 _aBATCH-UPD
_b10
_c20130410
_lUCH01
_h0149
590 _aBATCH-UPD
_b10
_c20130914
_lUCH01
_h1433
590 _aCONVERSION
_b10
_c20130109
_lUCH01
_h1328
650 1 4 _aFotogrametría.
_942720
650 1 4 _aFotointerpretación.
_942728
650 1 4 _aGeología.
_947604
830 0 _aManuales de EUDEBA/ Geología
_970662
901 _aBK
942 _cLIBRO
949 _a526.982 R6
_bBC
_cLIBRO
_d-124422
_eLIBRO
_h46907
_i57122
_si
999 _c52000
_d52000